00301nam a2200121Ia 4500082001700000100002200017245003500039260003100074300001000105650002000115650003200135650001200167 a020.92 GAR-; aGardner, Frank M. 0aLetters to a younger librarian aLondonbJames Clarkec1951 a178p. aLibrary science aLibrarians - Correspondence aLetters